000
00248nam a2200109Ia 4500
008
190216s9999||||xx |||||||||||||| ||und||
100
_a
Douglas Mc Gregor
245
0
_a
Human Side Of Enterprise
260
_b
Null
_c
1977
300
_a
246p
942
_c
BK
999
_c
4082
_d
4082